Biggest Cities and Urban Areas in France - Whammies - Statistics

General Stats
  • This quiz has been taken 64 times
  • The average score is 27 of 40
Answer Stats
# Einwohner # % Correct
Stadt 2.113.705 Paris
100%
Agglomeration 10.950.000 Paris
100%
Stadt 520.774 Lyon
98%
Agglomeration 1.716.000 Lyon
98%
Stadt 877.215 Marseille
98%
Agglomeration 1.635.000 Marseille
98%
Stadt 353.701 Nice
94%
Agglomeration 973.000 Nice
94%
Stadt 265.328 Bordeaux
92%
Agglomeration 1.023.000 Bordeaux
92%
Stadt 325.070 Nantes
90%
Agglomeration 683.000 Nantes
90%
Stadt 511.684 Toulouse
90%
Agglomeration 1.082.000 Toulouse
90%
Stadt 238.695 Lille
88%
Agglomeration 1.063.000 Lille
88%
Stadt 291.709 Strasbourg
86%
Agglomeration 490.000 Strasbourg
86%
Stadt 227.830 Rennes
80%
Agglomeration 376.000 Rennes
80%
Stadt 307.101 Montpellier
78%
Agglomeration 481.000 Montpellier
78%
Stadt 172.569 Saint-Étienne
65%
Agglomeration 376.000 Saint-Étienne
65%
Stadt 156.389 Grenoble
59%
Agglomeration 456.000 Grenoble
59%
Agglomeration 479.000 Rouen
53%
Stadt 159.941 Dijon
51%
Stadt 166.462 Le Havre
49%
Stadt 178.478 Reims
45%
Stadt 180.834 Toulon
45%
Agglomeration 600.000 Toulon
45%
Agglomeration 467.000 Avignon
35%
Agglomeration 367.000 Tours
35%
Agglomeration 506.000 Douai / Lens
20%
Stadt 157.555 Angers
18%
Stadt 150.444 Nîmes
18%
Stadt 162.207 Villeurbanne
18%
Agglomeration 357.000 Béthune
4%
Agglomeration 333.000 Valenciennes
4%
No matching quizzes found
Score Distribution
Percent of People with Each Score
Percentile by Number Answered
Your Score History
You have not taken this quiz